[Event "World Blitz 2015"]
[Site "Berlin GER"]
[Date "2015.10.14"]
[Round "19.70"]
[White "Polzin, Rainer"]
[Black "Papin, Vasily"]
[Result "0-1"]
[WhiteTitle "GM"]
[BlackTitle "GM"]
[WhiteElo "2416"]
[BlackElo "2502"]
[WhiteFideId "4610741"]
[BlackFideId "4143183"]
[EventDate "2015.10.13"]

1. e4 c5 2. Nf3 e6 3. d4 cxd4 4. Nxd4 a6 5. Nc3 Qc7 6. Be2 Nc6 7. O-O Nf6 8. Kh1
Be7 9. f4 d6 10. Be3 O-O 11. a4 Re8 12. Bf3 Bf8 13. Nb3 b6 14. a5 Nd7 15. axb6
Nxb6 16. Qd2 Nc4 17. Qc1 Nxe3 18. Qxe3 Bb7 19. Qd2 Be7 20. Ne2 Bf6 21. c3 Rab8
22. Rab1 Ba8 23. Nbd4 Na5 24. Qd3 Qc4 25. Rfd1 Rec8 26. Kg1 g6 27. Kf2 Be7 28.
Qxc4 Nxc4 29. b3 Na5 30. e5 dxe5 31. fxe5 Bxf3 32. gxf3 Bd8 33. f4 Kf8 34. Kf3
Bb6 35. Rdc1 Nb7 36. b4 Rc4 37. Ra1 Ra8 38. Ra4 g5 39. Rca1 gxf4 40. Rxa6 Rxa6
41. Rxa6 Bxd4 42. Nxd4 Rxc3+ 43. Kxf4 Rc4 44. Ke3 Rxb4 45. Ra7 Nc5 46. Nc6 Rb7
47. Ra8+ Kg7 48. Nd4 Nd7 49. Nf3 Rb3+ 50. Kf4 Rb4+ 51. Kg3 Re4 52. Ra7 Nxe5 53.
Ng5 Rg4+ 0-1

[Event "World Blitz 2015"]
[Site "Berlin GER"]
[Date "2015.10.14"]
[Round "19.71"]
[White "Svane, Rasmus"]
[Black "Agdestein, Simen"]
[Result "1-0"]
[WhiteTitle "IM"]
[BlackTitle "GM"]
[WhiteElo "2543"]
[BlackElo "2606"]
[WhiteFideId "4657101"]
[BlackFideId "1500015"]
[EventDate "2015.10.13"]

1. d4 Nf6 2. c4 e6 3. Nc3 Bb4 4. Qc2 d5 5. cxd5 exd5 6. Bg5 Nbd7 7. e3 c5 8. Nf3
Qa5 9. Bd3 c4 10. Bf5 g6 11. Bxd7+ Nxd7 12. O-O O-O 13. a3 Bxc3 14. bxc3 Nb6 15.
a4 Bf5 16. Qb2 f6 17. Bf4 Bd7 18. Rfb1 Bc6 19. Bc7 Rf7 20. Bxb6 axb6 21. Qxb6
Qxc3 22. a5 Ra6 23. Qc5 g5 24. Rc1 Qd3 25. Rd1 Qf5 26. h3 Qe6 27. Rdb1 Rf8 28.
Ne1 Rfa8 29. Nc2 R6a7 30. Nb4 Kf7 31. a6 Kg6 32. Kh2 Qd7 33. g3 h5 34. axb7 Rxa1
35. Nxc6 R8a2 36. b8=Q Rxf2+ 37. Kg1 Raa2 1-0

[Event "World Blitz 2015"]
[Site "Berlin GER"]
[Date "2015.10.14"]
[Round "19.72"]
[White "Hirneise, Tobias"]
[Black "Milanovic, Danilo"]
[Result "0-1"]
[WhiteTitle "IM"]
[BlackTitle "GM"]
[WhiteElo "2457"]
[BlackElo "2469"]
[WhiteFideId "24600881"]
[BlackFideId "915483"]
[EventDate "2015.10.13"]

1. e4 d5 2. exd5 Qxd5 3. Nc3 Qd8 4. d4 Nf6 5. Nf3 Bg4 6. h3 Bxf3 7. Qxf3 c6 8.
Be3 e6 9. O-O-O Bb4 10. Ne4 Nxe4 11. Qxe4 Qd5 12. Qxd5 cxd5 13. c4 dxc4 14. Bxc4
Nd7 15. Kb1 Bd6 16. d5 e5 17. Rhe1 O-O 18. Bb5 Rfd8 19. Bg5 f6 20. Be3 a6 21.
Bd3 g6 22. g4 Bc5 23. h4 Kg7 24. Bxc5 Nxc5 25. Bc2 Rd6 26. g5 Re8 27. f4 a5 28.
gxf6+ Kxf6 29. fxe5+ Rxe5 30. Rf1+ Kg7 31. a3 Rdxd5 32. b4 axb4 33. axb4 Na6 34.
Rxd5 Rxd5 35. Bb3 Rb5 36. Kb2 Rxb4 37. Kc3 Rxh4 38. Rf7+ Kh6 39. Rxb7 Nc5 0-1

[Event "World Blitz 2015"]
[Site "Berlin GER"]
[Date "2015.10.14"]
[Round "19.73"]
[White "Ernst, Sipke"]
[Black "Schmaltz, Roland"]
[Result "0-1"]
[WhiteTitle "GM"]
[BlackTitle "GM"]
[WhiteElo "2527"]
[BlackElo "2504"]
[WhiteFideId "1004689"]
[BlackFideId "4614054"]
[EventDate "2015.10.13"]

1. d4 Nf6 2. Bg5 e6 3. c3 h6 4. Bh4 b6 5. Nd2 Bb7 6. e3 Be7 7. Ngf3 c5 8. Bd3
cxd4 9. exd4 d6 10. O-O O-O 11. Re1 Nbd7 12. a4 a6 13. Qe2 Re8 14. Nc4 Qc7 15.
Rac1 Qc6 16. Qd1 Bf8 17. Bf1 Qc7 18. b4 Bc6 19. a5 b5 20. Bxf6 Nxf6 21. Nb6 Ra7
22. c4 bxc4 23. Bxc4 Qb7 24. d5 Nxd5 25. Bxd5 exd5 26. Nd4 Rxe1+ 27. Qxe1 Bd7
28. Qe2 g6 29. Qd3 Kh7 30. Nxd7 Qxd7 31. Nc6 Ra8 32. Qxd5 Rc8 33. Rc4 Qe6 34.
Qxe6 fxe6 35. Ne5 Rxc4 36. Nxc4 d5 37. b5 dxc4 38. bxa6 c3 39. a7 c2 40. a8=N
c1=Q# 0-1

[Event "World Blitz 2015"]
[Site "Berlin GER"]
[Date "2015.10.14"]
[Round "19.74"]
[White "Ladva, Ottomar"]
[Black "Seel, Christian"]
[Result "1-0"]
[WhiteTitle "IM"]
[BlackTitle "IM"]
[WhiteElo "2423"]
[BlackElo "2474"]
[WhiteFideId "4500024"]
[BlackFideId "4663098"]
[EventDate "2015.10.13"]

1. d4 Nf6 2. Nf3 d5 3. c4 c6 4. e3 a6 5. Bd3 g6 6. O-O Bg7 7. Nbd2 O-O 8. b3 c5
9. Bb2 cxd4 10. exd4 Nc6 11. Re1 Bg4 12. h3 Bxf3 13. Nxf3 e6 14. Rc1 Rc8 15. a3
dxc4 16. bxc4 Qa5 17. Qb3 Rfd8 18. Qxb7 Rb8 19. Qxc6 Rxb2 20. c5 Qxa3 21. Qxa6
Rb3 22. Bc4 Rxf3 23. gxf3 Qxf3 24. Bf1 Ne4 25. Rxe4 Qxe4 26. c6 Bxd4 27. c7
Bxf2+ 28. Kxf2 Rd2+ 29. Be2 Qf4+ 30. Ke1 Rxe2+ 31. Kxe2 Qe4+ 32. Kd2 Qf4+ 33.
Kd1 Qd4+ 34. Kc2 Qe4+ 35. Qd3 Qa4+ 36. Kd2 Qf4+ 37. Qe3 Qb4+ 38. Ke2 Qb5+ 39.
Kf2 Qb2+ 40. Kg1 Kg7 41. c8=Q e5 42. Qcc3 Qb7 43. Qcxe5+ Kf8 44. Qh8# 1-0

[Event "World Blitz 2015"]
[Site "Berlin GER"]
[Date "2015.10.14"]
[Round "19.75"]
[White "Donchenko, Alexander"]
[Black "Pham, Le Thao Nguyen"]
[Result "1-0"]
[WhiteTitle "GM"]
[BlackTitle "IM"]
[WhiteElo "2577"]
[BlackElo "2319"]
[WhiteFideId "24603295"]
[BlackFideId "12401226"]
[EventDate "2015.10.13"]

1. e4 e5 2. Nf3 Nc6 3. Bb5 a6 4. Ba4 Nf6 5. O-O Be7 6. Re1 b5 7. Bb3 O-O 8. c3
d6 9. h3 h6 10. d4 Bb7 11. Nbd2 Re8 12. Nf1 Bf8 13. Ng3 Na5 14. Bc2 g6 15. a4 c5
16. d5 Qd7 17. b3 Qc7 18. Nd2 Rab8 19. Qe2 Bc8 20. Bd3 Bd7 21. axb5 axb5 22. b4
cxb4 23. cxb4 Nc4 24. Nb3 Rec8 25. f4 Qd8 26. f5 g5 27. Na5 Nb6 28. Be3 Na4 29.
Rec1 Nc3 30. Qd2 Na4 31. Ne2 Qe8 32. Kh2 Rxc1 33. Rxc1 Rc8 34. Rxc8 Qxc8 35. Qc2
Qxc2 36. Bxc2 Nb2 37. Nc3 Nc4 38. Nxc4 bxc4 39. Bb1 Bc8 40. Ba2 Be7 41. Bxc4 Bd8
42. Kg3 Kf8 43. Kf3 Nd7 44. Na4 Ke7 45. Bb5 Nf6 46. Bc6 Nd7 47. b5 Nb8 48. Ba7
Bc7 49. b6 Nxc6 50. dxc6 Bxb6 51. Nxb6 Kd8 52. Bb8 1-0

[Event "World Blitz 2015"]
[Site "Berlin GER"]
[Date "2015.10.14"]
[Round "19.76"]
[White "Kulon, Klaudia"]
[Black "Riff, Jean-Noel"]
[Result "0-1"]
[WhiteTitle "WGM"]
[BlackTitle "GM"]
[WhiteElo "2324"]
[BlackElo "2499"]
[WhiteFideId "1131044"]
[BlackFideId "611190"]
[EventDate "2015.10.13"]

1. e4 c5 2. Nf3 d6 3. d4 cxd4 4. Nxd4 Nf6 5. Nc3 e6 6. Be2 Be7 7. O-O O-O 8. Be3
Nc6 9. f4 e5 10. Nb3 exf4 11. Bxf4 Be6 12. Kh1 Rc8 13. Nd5 Nxe4 14. Nxe7+ Nxe7
15. Qd4 d5 16. Bd3 Nc6 17. Qa4 f5 18. c4 Qb6 19. cxd5 Bxd5 20. Bxe4 Bxe4 21.
Qc4+ Kh8 22. Rac1 Ne7 23. Qa4 Nd5 24. Bg3 Ne3 25. Rg1 Rxc1 26. Nxc1 Nxg2 27. h3
Nh4+ 28. Kh2 Nf3+ 29. Kh1 Qxg1# 0-1

[Event "World Blitz 2015"]
[Site "Berlin GER"]
[Date "2015.10.14"]
[Round "19.77"]
[White "Naumann, Alexander"]
[Black "Tari, Aryan"]
[Result "0-1"]
[WhiteTitle "GM"]
[BlackTitle "IM"]
[WhiteElo "2545"]
[BlackElo "2521"]
[WhiteFideId "4623169"]
[BlackFideId "1510045"]
[EventDate "2015.10.13"]

1. d4 Nf6 2. c4 g6 3. Nf3 Bg7 4. g3 O-O 5. Bg2 d5 6. cxd5 Nxd5 7. O-O Nb6 8. Nc3
Nc6 9. e3 Re8 10. Re1 Be6 11. Ng5 Bc4 12. b3 Ba6 13. Nge4 e5 14. d5 Nb4 15. Nc5
e4 16. Nxa6 Nxa6 17. Bd2 Nc5 18. Qc2 f5 19. Rad1 Nd3 20. Rf1 Nxd5 21. Nxd5 Qxd5
22. f3 c5 23. fxe4 fxe4 24. Bc3 Rad8 25. Bxg7 Kxg7 26. Qc3+ Qe5 27. Qa5 Rd7 28.
Qxa7 Qg5 29. Rfe1 Rf7 30. Re2 Qg4 31. Red2 Ref8 32. Qa5 Rf2 33. Qc3+ Kh6 34.
Rxf2 Rxf2 35. Rxd3 exd3 36. Kxf2 Qe2+ 37. Kg1 d2 0-1

[Event "World Blitz 2015"]
[Site "Berlin GER"]
[Date "2015.10.14"]
[Round "19.78"]
[White "Carstensen, Jacob"]
[Black "Seirawan, Yasser"]
[Result "1-0"]
[WhiteTitle "IM"]
[BlackTitle "GM"]
[WhiteElo "2352"]
[BlackElo "2620"]
[WhiteFideId "1404180"]
[BlackFideId "2000032"]
[EventDate "2015.10.13"]

1. d4 d6 2. c4 e5 3. Nf3 e4 4. Nfd2 f5 5. e3 g6 6. f3 exf3 7. Nxf3 Nf6 8. Nc3
Bg7 9. Bd3 O-O 10. O-O Re8 11. Re1 Ne4 12. Qc2 Nc6 13. a3 Nxc3 14. Qxc3 Be6 15.
Qd2 d5 16. b3 a5 17. Bb2 Qf6 18. cxd5 Bxd5 19. Bc4 Rad8 20. Rac1 h6 21. Qf2 Kh7
22. Ne5 Nxe5 23. dxe5 Qe7 24. Bxd5 Rxd5 25. e4 fxe4 26. Rxe4 c6 27. e6 Bxb2 28.
Qxb2 Qg7 29. Qe2 Re7 30. Rf1 Rd6 31. h4 h5 32. Rf7 Rxf7 33. exf7 Rf6 34. Re5
Rxf7 35. Qe4 Kg8 36. Rxa5 Qf6 37. Rg5 Kg7 38. a4 Re7 39. Rxg6+ Qxg6 40. Qxe7+
Kh6 41. Qxb7 Qf6 42. Qb4 Qa1+ 43. Kf2 Qb2+ 44. Kf3 Qc2 45. Qf4+ Kh7 46. Qe4+ 1-0

[Event "World Blitz 2015"]
[Site "Berlin GER"]
[Date "2015.10.14"]
[Round "19.79"]
[White "Vogel, Roven"]
[Black "Richter, Michael"]
[Result "1/2-1/2"]
[BlackTitle "GM"]
[WhiteElo "2417"]
[BlackElo "2517"]
[WhiteFideId "12908088"]
[BlackFideId "4618920"]
[EventDate "2015.10.13"]

1. c4 e6 2. Nf3 d5 3. d4 c6 4. g3 dxc4 5. Bg2 b5 6. O-O Bb7 7. a4 Nd7 8. b3 cxb3
9. Qxb3 a6 10. Nc3 Ngf6 11. Rd1 b4 12. Na2 a5 13. Bb2 Be7 14. Rac1 O-O 15. Ne5
Rc8 16. Nxc6 Bxc6 17. Bxc6 Nb6 18. e4 Rxc6 19. Rxc6 Nxe4 20. Nc1 Nd5 21. Ne2 Qd7
22. Qc4 h5 23. Rc1 Kh7 24. Qd3 f5 25. f3 Nef6 26. Kg2 Kg8 27. Qa6 f4 28. Rxe6
Ng4 29. fxg4 f3+ 30. Kg1 Nc7 31. Rxe7 Qxe7 32. Qc4+ Kh8 33. Nf4 Qe3+ 34. Kf1
Rxf4 35. gxf4 Ne6 36. Re1 Qd2 37. Re2 fxe2+ 38. Qxe2 Qxf4+ 39. Kg2 Ng5 40. Qe8+
Kh7 41. Qxh5+ Kg8 42. Qe8+ Kh7 43. Qh5+ Kg8 44. Qe8+ Kh7 1/2-1/2

[Event "World Blitz 2015"]
[Site "Berlin GER"]
[Date "2015.10.14"]
[Round "19.80"]
[White "Carlstedt, Jonathan"]
[Black "Guliyev, Namig"]
[Result "0-1"]
[WhiteTitle "IM"]
[BlackTitle "GM"]
[WhiteElo "2442"]
[BlackElo "2579"]
[WhiteFideId "24614386"]
[BlackFideId "13400363"]
[EventDate "2015.10.13"]

1. c4 c6 2. g3 d5 3. Nf3 Nf6 4. Bg2 dxc4 5. O-O Be6 6. Na3 Na6 7. b3 cxb3 8.
axb3 Bd5 9. Nc4 Nc7 10. d3 Bxf3 11. Bxf3 e6 12. Na5 Qc8 13. Bd2 Bd6 14. b4 O-O
15. Qb3 Nb5 16. e3 Qd7 17. d4 e5 18. dxe5 Bxe5 19. Rad1 Qe7 20. Bg2 Rad8 21. Nc4
Bc7 22. h3 Rd7 23. Bc1 Rfd8 24. Rxd7 Qxd7 25. Na5 Bxa5 26. bxa5 a6 27. Bb2 Qd3
28. Qb4 Qd6 29. Qh4 Qe6 30. Qg5 h6 31. Qh4 Rd7 32. g4 c5 33. g5 hxg5 34. Qxg5 c4
35. Be5 c3 36. Bf3 Re7 37. Bf4 Qxh3 38. Be2 Qe6 39. Rc1 Ne4 40. Qg2 Qb3 41. Bd3
Qd5 42. Rd1 Rd7 43. Qg4 Qe6 44. Qg2 g6 45. Qf1 Qg4+ 46. Qg2 Qxd1+ 0-1

[Event "World Blitz 2015"]
[Site "Berlin GER"]
[Date "2015.10.14"]
[Round "19.81"]
[White "Lagunow, Raphael"]
[Black "Kovalev, Vladislav"]
[Result "0-1"]
[BlackTitle "GM"]
[WhiteElo "2164"]
[BlackElo "2546"]
[WhiteFideId "24652644"]
[BlackFideId "13504398"]
[EventDate "2015.10.13"]

1. e4 e5 2. Nf3 Nc6 3. Nc3 Nf6 4. d4 exd4 5. Nxd4 Bb4 6. Nxc6 bxc6 7. Bd3 d5 8.
exd5 O-O 9. O-O cxd5 10. Bg5 c6 11. Qf3 Bd6 12. Ne2 Rb8 13. b3 h6 14. Bxf6 Qxf6
15. Qxf6 gxf6 16. Rad1 Be6 17. Nd4 c5 18. Nf5 Rfd8 19. Nxh6+ Kf8 20. Nf5 c4 21.
bxc4 dxc4 22. Nxd6 Rxd6 23. Be2 Rxd1 24. Rxd1 Rb2 25. a4 Rxc2 26. Bf3 c3 27. h4
Rb2 28. Kh2 c2 29. Rc1 Bf5 30. g4 Rb1 0-1

[Event "World Blitz 2015"]
[Site "Berlin GER"]
[Date "2015.10.14"]
[Round "19.82"]
[White "Hasangatin, Ramil"]
[Black "Choukri, Adel"]
[Result "1-0"]
[WhiteTitle "GM"]
[BlackTitle "CM"]
[WhiteElo "2509"]
[BlackElo "2199"]
[WhiteFideId "4122160"]
[BlackFideId "9000399"]
[EventDate "2015.10.13"]

1. e4 e6 2. d3 d5 3. Qe2 Nf6 4. Nf3 Be7 5. g3 O-O 6. Bg2 b6 7. O-O Bb7 8. e5
Nfd7 9. h4 c5 10. Bf4 Nc6 11. h5 Nd4 12. Nxd4 cxd4 13. Nd2 Qc7 14. Nf3 Qc5 15.
Rac1 Rac8 16. Nh2 Qa5 17. a3 Qb5 18. Rb1 Qc5 19. Rfc1 a5 20. Qg4 Kh8 21. Nf3 Rc6
22. h6 g6 23. Bg5 Bxg5 24. Qxg5 f6 25. exf6 Nxf6 26. Qe5 Qd6 27. Qxd4 Rc7 28. c3
Kg8 29. Re1 Bc8 30. Re2 Qc5 31. Rbe1 Qxd4 32. Nxd4 Ng4 33. Bh3 Nxh6 34. Bxe6+
Bxe6 35. Nxe6 Rff7 36. Nxc7 Rxc7 37. Re7 Rc6 38. R1e6 Rc5 39. d4 Rb5 40. b4 Nf5
41. Ra7 axb4 42. axb4 1-0

[Event "World Blitz 2015"]
[Site "Berlin GER"]
[Date "2015.10.14"]
[Round "19.83"]
[White "Sawlin, Leonid"]
[Black "Rabiega, Robert"]
[Result "1/2-1/2"]
[BlackTitle "GM"]
[WhiteElo "2258"]
[BlackElo "2503"]
[WhiteFideId "4689542"]
[BlackFideId "4601475"]
[EventDate "2015.10.13"]

1. e4 e5 2. Nf3 Nf6 3. Nc3 Bb4 4. Bc4 d6 5. O-O O-O 6. h3 Bxc3 7. bxc3 Nxe4 8.
d4 d5 9. Bb3 exd4 10. cxd4 Bf5 11. c4 dxc4 12. Bxc4 Nd7 13. Bb2 Nb6 14. Bb3 Nd5
15. Ne5 Nef6 16. Rc1 c6 17. Qf3 Be4 18. Qg3 Bf5 19. Rfe1 Re8 20. Qf3 Be6 21. a3
Qb6 22. Nc4 Qc7 23. Bc2 Rad8 24. Bb1 Qf4 25. Qb3 Nb6 26. Bd3 Bd5 27. Qc2 Qg5 28.
Ne3 Be4 29. Bxe4 Nxe4 30. Rcd1 Qg6 31. Qb3 h5 32. a4 Rd7 33. a5 Nc8 34. Nc4 Rde7
35. Ne5 Qf5 36. Qc2 Ned6 37. Qb3 a6 38. Ba3 Re6 39. Re3 f6 40. Nc4 Qd5 41. Nxd6
Rxe3 42. Qxd5+ cxd5 43. fxe3 Nxd6 1/2-1/2

[Event "World Blitz 2015"]
[Site "Berlin GER"]
[Date "2015.10.14"]
[Round "19.84"]
[White "Rasmussen, Allan Stig"]
[Black "Petursson, Margeir"]
[Result "1-0"]
[WhiteTitle "GM"]
[BlackTitle "GM"]
[WhiteElo "2498"]
[BlackElo "2520"]
[WhiteFideId "1406000"]
[BlackFideId "2300028"]
[EventDate "2015.10.13"]

1. e4 c5 2. d3 g6 3. f4 Bg7 4. c3 Nc6 5. Be3 d6 6. Nd2 e6 7. Ngf3 Nge7 8. Be2 b6
9. d4 cxd4 10. cxd4 O-O 11. O-O Bb7 12. a3 Rc8 13. Bd3 Qd7 14. b4 f5 15. b5 Na5
16. Qe2 Rc3 17. exf5 Nxf5 18. Bf2 Bd5 19. Ne4 Rxd3 20. Qxd3 Bc4 21. Qd2 Bxf1 22.
Rxf1 Rc8 23. g4 Ne7 24. Re1 h6 25. Ng3 Nd5 26. Nh4 Kh7 27. f5 exf5 28. gxf5 g5
29. Ng6 Nb3 30. Qd1 Qxb5 31. Qh5 Nf6 32. Qf3 Qd5 33. Qd3 Rc1 34. Ne7 Qc4 35.
Qxc4 Rxc4 36. d5 Nd2 37. Re6 Nf3+ 38. Kg2 Ne5 39. Rxd6 Rc2 40. Kf1 Nd3 41. Be3
Ng4 42. Rd7 Nxe3+ 43. Kg1 Rg2+ 44. Kh1 Nf2# 1-0

[Event "World Blitz 2015"]
[Site "Berlin GER"]
[Date "2015.10.14"]
[Round "19.85"]
[White "Sanal, Vahap"]
[Black "Carow, Johannes"]
[Result "1-0"]
[WhiteTitle "IM"]
[BlackTitle "FM"]
[WhiteElo "2501"]
[BlackElo "2431"]
[WhiteFideId "6300545"]
[BlackFideId "24692050"]
[EventDate "2015.10.13"]

1. e4 c5 2. Nf3 Nc6 3. Nc3 e5 4. Bc4 g6 5. d3 h6 6. h4 Nf6 7. Nd5 d6 8. Nxf6+
Qxf6 9. h5 Bg4 10. hxg6 fxg6 11. c3 O-O-O 12. Be3 Bg7 13. Bd5 Ne7 14. Qa4 Nxd5
15. exd5 Bxf3 16. gxf3 Qxf3 17. Rg1 g5 18. Qc4 Kb8 19. a4 Rhf8 20. a5 Rf4 21.
Bxf4 exf4 22. Qe4 Qh5 23. Rh1 Qf7 24. Kd2 Re8 25. Qf3 Re5 26. Rhe1 Rxd5 27. Ra4
a6 28. Rae4 Be5 29. Rh1 Bg7 30. Qg4 Qc7 31. Re8+ Ka7 32. Qc8 Qxc8 33. Rxc8 c4
34. Rxc4 Rxa5 35. Rc7 Bf6 36. Rxh6 Bd8 37. Rd7 Bb6 38. d4 Rb5 39. Kc2 Ba5 40. b4
Bb6 41. Rhh7 Kb8 42. Rxb7+ Kc8 43. Kd3 a5 44. bxa5 1-0

[Event "World Blitz 2015"]
[Site "Berlin GER"]
[Date "2015.10.14"]
[Round "19.86"]
[White "Stern, Rene"]
[Black "Ben Artzi, Ido"]
[Result "0-1"]
[WhiteTitle "GM"]
[BlackTitle "IM"]
[WhiteElo "2538"]
[BlackElo "2419"]
[WhiteFideId "4611799"]
[BlackFideId "2810913"]
[EventDate "2015.10.13"]

1. d4 Nf6 2. c4 e6 3. Nc3 d5 4. Bg5 Be7 5. e3 O-O 6. Nf3 h6 7. Bh4 b6 8. Bd3
dxc4 9. Bxc4 Bb7 10. O-O Nbd7 11. Qe2 c5 12. Rfd1 Rc8 13. dxc5 bxc5 14. Bb5 Nd5
15. e4 Nxc3 16. bxc3 Bc6 17. Bxc6 Rxc6 18. Ne5 Rc7 19. Bg3 Qc8 20. Nc4 Rc6 21.
Rd2 Nb6 22. Na5 c4 23. Nxc6 Qxc6 24. Be5 f6 25. Bd4 Bc5 26. Rad1 e5 27. Bxc5
Qxc5 28. Rd8 Qa3 29. Rxf8+ Kxf8 30. Qd2 Kg8 31. h4 Kh7 32. h5 Na4 33. Rc1 Nc5
34. Rc2 Nxe4 35. Qe2 Nd6 36. Rd2 Qc5 37. Qg4 e4 38. Qe6 Nb7 39. Qxe4+ Kg8 40.
Qxb7 Qe5 41. Qd5+ 0-1

[Event "World Blitz 2015"]
[Site "Berlin GER"]
[Date "2015.10.14"]
[Round "19.87"]
[White "Wendt, Jan-Dietrich"]
[Black "Pavlovic, Milos"]
[Result "0-1"]
[WhiteTitle "FM"]
[BlackTitle "GM"]
[WhiteElo "2332"]
[BlackElo "2481"]
[WhiteFideId "4623797"]
[BlackFideId "900389"]
[EventDate "2015.10.13"]

1. Nf3 g6 2. d4 Nf6 3. c4 Bg7 4. Nc3 d5 5. Bf4 O-O 6. Rc1 dxc4 7. e4 Bg4 8. Bxc4
Nh5 9. Be3 e5 10. dxe5 Qxd1+ 11. Rxd1 Nc6 12. Be2 Bxf3 13. Bxf3 Nxe5 14. Be2 Nf6
15. f3 a6 16. h3 b5 17. f4 Nc4 18. Bxc4 bxc4 19. e5 Ne8 20. Bc5 Bh6 21. Bxf8
Kxf8 22. O-O Rb8 23. f5 Be3+ 24. Kh1 Rxb2 25. fxg6 hxg6 26. Rd7 Rf2 27. Rxf2
Bxf2 28. Ne4 Bh4 29. Rd4 c3 30. Nxc3 Bg3 31. Ra4 Bxe5 32. Nd5 Ng7 33. Rxa6 Nf5
34. g4 Nd4 35. a4 c6 36. Ne3 Bf4 37. Nc4 Ke7 38. Ra7+ Ke6 39. Kg2 Kd5 40. Nb6+
Kc5 41. Nd7+ Kb4 42. a5 Nb5 43. Ra8 Nc7 44. Rc8 Kxa5 45. Rf8 Nd5 46. Rxf7 g5 47.
Kf3 Kb4 48. Ke4 Nc3+ 49. Kf5 Nd5 50. Ne5 c5 51. Nf3 c4 52. Nxg5 c3 53. Rf8 c2
54. Rc8 Bc7 55. Ne6 c1=Q 0-1

[Event "World Blitz 2015"]
[Site "Berlin GER"]
[Date "2015.10.14"]
[Round "19.88"]
[White "Olafsson, Helgi"]
[Black "Thiede, Lars"]
[Result "1-0"]
[WhiteTitle "GM"]
[BlackTitle "IM"]
[WhiteElo "2549"]
[BlackElo "2437"]
[WhiteFideId "2300010"]
[BlackFideId "4607759"]
[EventDate "2015.10.13"]

1. d4 g6 2. e4 Bg7 3. c3 d6 4. Bg5 b6 5. Nd2 Bb7 6. Ngf3 Nd7 7. Bd3 h6 8. Bh4 g5
9. Bg3 Ngf6 10. h4 g4 11. Nh2 h5 12. Bf4 e5 13. Bg5 Qc8 14. Nhf1 d5 15. Ng3 dxe4
16. Ndxe4 Nxe4 17. Nxe4 exd4 18. cxd4 O-O 19. O-O f6 20. Bf4 Qe8 21. Re1 Qf7 22.
Rc1 Rac8 23. Bxc7 Nc5 24. Bc4 Bd5 25. Nd6 Bxc4 26. Nxf7 Bxf7 27. dxc5 Rxc7 28.
cxb6 Rxc1 29. Qxc1 axb6 30. b3 f5 31. Qc7 Bg6 32. Qxb6 Kh7 33. Re7 f4 34. Qd4
Rg8 35. Qxf4 Kh8 36. Re6 Bh7 37. a4 Rf8 38. Qe3 Bg8 39. Re8 Rf7 40. a5 Rd7 41.
Rxg8+ 1-0

[Event "World Blitz 2015"]
[Site "Berlin GER"]
[Date "2015.10.14"]
[Round "19.89"]
[White "Hovhannisyan, Mher"]
[Black "Camacho Collados, Jose"]
[Result "1-0"]
[WhiteTitle "IM"]
[BlackTitle "IM"]
[WhiteElo "2499"]
[BlackElo "2383"]
[WhiteFideId "13300865"]
[BlackFideId "2265427"]
[EventDate "2015.10.13"]

1. e4 c5 2. c3 d5 3. exd5 Qxd5 4. d4 Nc6 5. Nf3 Bg4 6. Be2 e6 7. O-O Nf6 8. h3
Bh5 9. c4 Qd7 10. dxc5 Bxc5 11. Qxd7+ Nxd7 12. Nc3 Ke7 13. a3 a5 14. Rd1 Rad8
15. Bf4 f6 16. Ne4 e5 17. Rxd7+ Rxd7 18. Nxc5 exf4 19. Nxd7 Kxd7 20. Kf1 Kc7 21.
Rd1 Re8 22. Nd4 Bxe2+ 23. Nxe2 g5 24. Nc3 Re6 25. b4 axb4 26. Nd5+ Kb8 27. axb4
Rd6 28. Re1 Ne5 29. Nxf6 Nxc4 30. Nxh7 Rg6 31. Rc1 Nd6 32. Nf8 Rg7 33. Ne6 Rg6
34. Nc5 Nf5 35. Nd7+ Ka7 36. b5 b6 37. Rc7+ Ka8 38. Ne5 Re6 39. Nc6 Rxc6 40.
bxc6 Nd4 41. Rg7 Nxc6 42. Rxg5 Kb7 43. h4 Nd4 44. h5 b5 45. Rd5 Ne6 46. Rxb5+
Kc6 47. Ra5 Kd7 48. Ra7+ Ke8 49. g4 Ng5 50. Kg2 Kf8 51. f3 Kg8 52. Ra4 Ne6 53.
Re4 Ng5 54. Rxf4 Kh7 55. Ra4 Kh6 56. Kg3 Nf7 57. Ra6+ Kg7 58. Ra7 Kf6 59. Rxf7+ 1-0

[Event "World Blitz 2015"]
[Site "Berlin GER"]
[Date "2015.10.14"]
[Round "19.90"]
[White "Hilverda, Alexander"]
[Black "Valdes Romero, Leonardo"]
[Result "0-1"]
[BlackTitle "IM"]
[WhiteElo "2384"]
[BlackElo "2362"]
[WhiteFideId "4695437"]
[BlackFideId "6500331"]
[EventDate "2015.10.13"]

1. d4 Nf6 2. Nf3 d6 3. c4 Nbd7 4. Nc3 e5 5. e4 Be7 6. Be2 O-O 7. O-O c6 8. Re1
a6 9. d5 cxd5 10. cxd5 b5 11. h3 b4 12. Nb1 Nxe4 13. Bd3 Nef6 14. Nbd2 a5 15.
Nf1 Nc5 16. Ng3 Nxd3 17. Qxd3 Ba6 18. Qd1 Qd7 19. Be3 Bb7 20. Bg5 Rfc8 21. Bxf6
Bxf6 22. Qb3 Be7 23. Rad1 g6 24. h4 h5 25. Ne4 Qf5 26. Nfg5 Ba6 27. Qg3 Qf4 28.
Qh3 Rc7 29. Re3 Bc8 30. Qh1 Bg4 31. Rde1 Rac8 32. f3 Rc1 33. Kf2 R8c2+ 34. R3e2
Rxe2+ 35. Kxe2 Bxg5 36. hxg5 Qxe4+ 0-1

[Event "World Blitz 2015"]
[Site "Berlin GER"]
[Date "2015.10.14"]
[Round "19.92"]
[White "Koehler, Gerhard2"]
[Black "Przybylski, Wojciech"]
[Result "0-1"]
[BlackTitle "FM"]
[WhiteElo "2173"]
[BlackElo "2354"]
[WhiteFideId "12909700"]
[BlackFideId "1117599"]
[EventDate "2015.10.13"]

1. c4 e5 2. Nc3 Nf6 3. g3 d5 4. cxd5 Nxd5 5. Bg2 Nb6 6. Nf3 Nc6 7. O-O Be7 8.
Rb1 a5 9. d3 O-O 10. a4 Be6 11. Nb5 f6 12. Be3 Nd5 13. Nd2 Ncb4 14. Ne4 Nxe3 15.
fxe3 c6 16. Nbc3 f5 17. Nf2 Bc5 18. Qd2 Qg5 19. Ncd1 Nd5 20. Nh3 Bxe3+ 21. Nxe3
Qxe3+ 22. Qxe3 Nxe3 23. Rf2 h6 24. Kh1 Rad8 25. Ng1 Nxg2 26. Kxg2 Rd4 27. Nf3
Bd5 28. Ra1 Rb4 29. e3 Rb3 30. Rd2 e4 31. dxe4 Bxe4 32. Kf2 Bd5 33. Nd4 Rb4 34.
Ra3 g6 35. Rc2 Kf7 36. Ke2 Re8 37. Kd2 Be4 38. Rc5 Rxb2+ 39. Kc3 Rxh2 40. Rb3
Re7 41. Rxa5 Bd5 42. Rb6 Rxe3+ 43. Kb4 Rb2+ 44. Kc5 Rc3+ 0-1